00497nam a2200157Ia 450000500170000000800410001702000150005808200150007310000290008824501280011725000090024526000430025430000170029765000140031465000110032820240425010512.0240331s9999 xx 000 0 und d a818505455X bSANa331.4 aSandbergen, Schenk- Loes 0aPoverty and survivalbKudumbi Female Domestic servants and their households in Alleppey (Kerala)cLoes Schenk - Sandbergen a1 st aNew Delhi bManohar Publicationsc1988 axii,108 p ., aPolitical aSocial